000 00343nam a2200133Ia 4500
008 240624s9999 xx 000 0 und d
041 _aeng
082 _a920 FLI
100 _aFLINTOFF ANDREW
245 _aSECOND INNINGS MY SPORTING LIFE
260 _c2015
_aNew Delhi
_bHodder & Stoughton
300 _a277 : p. : cm. ; 23
365 _cRS
_b30
999 _c26859
_d26859